000 00644nam a22002537a 4500
001 BR9601889
003 BR-BrBNA
005 20230928094956.0
007 ta
008 230509b bl.||||| |||| 00| 0 por d
040 _aBR-BrBNA
_bpor
_cBiblioteca Nacional de Agricultura
041 _a(Por)
072 _aL01
_b5300
090 _ 5300 BR9601889
110 1 _aFundacao Cargill, Sao Paulo, SP (Brasil)
_94794
245 1 _aManual de suinocultura
260 3 _aSao Paulo, SP (Brasil):
_c[nd].
300 _a38 p.
500 _a9 tables
650 _aSuino
650 _aCriacao
909 _a202309
_bLucia
_c55
_dLucia Elande
942 _cBK
999 _c53778
_d53778